Something Rotten! Quiz 1: Characters - Statistics

General Stats
  • This quiz has been taken 28 times
    27 since last reset
  • The average score is 9 of 10
Answer Stats
Hint Answer % Correct
3. The headstrong wife to #1 who cares a lot about her family. Bea
100%
1. A struggling writer at the end of his rope. Brother to #2. Nick
100%
2. An awkward but sweet young writer. Brother to #1. Nigel
100%
6. A renaissance rock star. Think of Mick Jagger as a playwright. William Shakespeare
100%
4. A bubbly, sweet young puritan who meets #2 on the street. Portia
88%
7. A soothsayer who almost sees the future correctly. Nostradamus
85%
9. An old Jewish moneylender Shylock
81%
8. Sings the opening number for both acts. The Minstrel
77%
5. A very strict man who refuses to let his daughter to engage in "fulfilling her lustful desires". Brother Jeremiah
73%
10. A flamboyant theatre producer. Lord Clapham
50%
No matching quizzes found
Score Distribution
Percent of People with Each Score
Percentile by Number Answered
Your Score History
You have not taken this quiz since the last reset